000 00611nam a2200169Ia 4500
005 20260601193254.0
008 260601s9999||||xx |||||||||||||| ||und||
020 _a978-3-031-55312-7
_qebk
100 _aAnthony L. Brooks
245 0 _aArtsIT, Interactivity and Game Creation
250 _a2024
260 _aHeidelberg, Germany
_bSpringer Nature
_c2024
440 _aLecture Notes of the Institute for Computer Sciences, Social Informatics and Telecommunications Engineering
650 _aComputer Science
856 _uhttps://link.springer.com/openurl?genre=book&isbn=978-3-031-55312-7
942 _cEB
_2ddc
999 _c56818
_d56818